| 000 | 00593nam a2200157Ia 4500 | ||
|---|---|---|---|
| 008 | 140910s9999 xx 000 0 und d | ||
| 020 | _a9781107632899 | ||
| 050 |
_aQA 39.3 _b.F213 2014 |
||
| 100 | _aFannon, Paul. | ||
| 245 |
_aMathematics higher level topic 9 - option : _bcalculus for the IB diploma / _cPaul Fannon, Vesna Kadelburg, Ben Woolley and Stephen Ward. |
||
| 260 |
_aCambridge : _bCambridge University Press, _cc2013. |
||
| 300 |
_avi, 180 pages : _billustration ; _c30 cm. |
||
| 650 |
_aCalculus _xExaminations--Study guides. |
||
| 650 |
_aCalculus _xTextbooks. |
||
| 942 | _cBK | ||
| 999 |
_c275415 _d275415 |
||